| 000 | 01049nam a2200217 a 4500 | ||
|---|---|---|---|
| 008 | 121113s2010 ||||||||||||||||| || u | ||
| 020 | _a9781848133839 | ||
| 050 | _aTP 339 Foo | ||
| 100 | _aJohnson, Francis X | ||
| 245 | 1 | 0 |
_aFood versus fuel: an informed introduction to biofuels _cedited by Frank Rosillo-Calle; Francis X. Johnson |
| 260 |
_aLondon _bZed Books _c2010 |
||
| 300 | _axii, 217p.: ill. | ||
| 350 | _a31.95 | ||
| 650 | _aENERGY CONVERSION | ||
| 650 | _aBIOMASS ENERGY | ||
| 700 | _aRosillo-Calle, Frank | ||
| 700 | _aCalle, Frank Rosillo | ||
| 995 |
_aMAIN LIBRARY OPEN ACCESS _e745142 _FCBU-MAIN LIBRARY (Kitwe) _I31.95 _jTP 339 Foo _M2 _UAVAILABLE _WApr 24, 2015 _y745142 _ZMain Library Open Access Collection |
||
| 995 |
_aMAIN LIBRARY OPEN ACCESS _e745143 _FCBU-MAIN LIBRARY (Kitwe) _I31.95 _jTP 339 Foo _M3 _UAVAILABLE _WApr 24, 2015 _y745143 _ZMain Library Open Access Collection |
||
| 995 |
_aSPECIAL COLLECTIONS _e500289 _FCBU-DAG HAMMARSKJOLD INSTITUTE LIBRARY _jDAG TP 339 Foo _M1 _UAVAILABLE _WDec 11, 2012 _y500289 _ZDHIPS Book Collection |
||
| 999 |
_c63205 _d63205 |
||